| 000 | 00577nam a2200205 a 4500 | ||
|---|---|---|---|
| 001 | 3204 | ||
| 003 | 3024 | ||
| 005 | 20160419134921.0 | ||
| 008 | 040117s19uu xx 00 eng d | ||
| 020 | _a978-983-9072-84-6 | ||
| 050 |
_aER _bPr93 1999 |
||
| 100 | _aAndersen, Hans Christian | ||
| 245 |
_aPrincess and the pea(The) / _c.written by Hans Christian Andersen ; retold and illustrated by Dawn King |
||
| 260 |
_aMalaysia : _bMecron, _c1999. |
||
| 300 | _a16 p. ; cm. | ||
| 650 | _aFairy tales. | ||
| 650 | _aChildren stories. | ||
| 942 |
_2ddc _cBK |
||
| 999 |
_c111890 _d111890 |
||